Normal view
MARC view
Entry Término temático
001 - NÚMERO DE CONTROL
- campo de control: 166491
003 - IDENTIFICADOR DEL NÚMERO DE CONTROL
- campo de control: OSt
005 - FECHA Y HORA DE LA ÚLTIMA TRANSACCIÓN
- campo de control: 20220127160939.0
008 - DATOS DE LONGITUD FIJA
- campo de control de longitud fija: 220127|| aca||aabn | a|a d
040 ## - FUENTE DE LA CATALOGACIÓN
- Centro catalogador/agencia de origen: OSt
- Centro/agencia transcriptor: OSt
150 ## - ENCABEZAMIENTO--TÉRMINO DE MATERIA
- Término de materia o nombre geográfico como elemento de entrada: Antracnosis del frijol Frijol
- Subdivisión general: Variedades resistentes a enfermedades Frijol
- Subdivisión general: Fisiología y morofología Frijol
- Subdivisión general: enfermedades
670 ## - FUENTE DE DATOS ENCONTRADOS
- Cita de la fuente: Work cat.: (OSt)201571: Villada Ramos, José Eusebio 119388, Asociación de caracteres morfológicos con el grado de resistencia a la antracnosis, Colletotrichum lindemuthianum (Sacc. & Magn) Bri & Cav. del frijol común, Phaseolus vulgaris L. /
